Music Quiz

Random Music Quiz

Dierks Bentley's Different for Girls (ft Elle King) Quiz Stats

 Plays Quiz not verified by Sporcle

Also try: Best Songs (2000s)
Challenge
Share
Tweet
Embed
Score 0/294 Timer 10:00
0 Plays Today
Lyric % Correct
for
99.4%
for
99.4%
for
99.4%
for
99.4%
for
99.4%
for
99.4%
for
99.4%
for
99.4%
different
98.7%
girls
98.7%
it
98.7%
it
98.7%
different
98.7%
girls
98.7%
different
98.7%
girls
98.7%
it
98.7%
it
98.7%
different
98.7%
girls
98.7%
different
98.7%
girls
98.7%
it
98.7%
it
98.7%
different
98.7%
girls
98.7%
different
98.7%
girls
98.7%
a
98.1%
I
98.1%
It's
98.1%
I
98.1%
a
98.1%
It's
98.1%
a
98.1%
it's
98.1%
A
98.1%
the
98.1%
the
98.1%
it's
98.1%
the
98.1%
a
98.1%
the
98.1%
a
98.1%
the
98.1%
the
98.1%
It's
98.1%
a
98.1%
it's
98.1%
A
98.1%
the
98.1%
the
98.1%
it's
98.1%
It's
98.1%
A
98.1%
the
98.1%
the
98.1%
the
98.1%
the
98.1%
It's
98.1%
It's
98.1%
he
97.4%
he
97.4%
he
97.4%
and
96.1%
to
96.1%
and
96.1%
when
96.1%
and
96.1%
and
96.1%
and
96.1%
when
96.1%
and
96.1%
to
96.1%
to
96.1%
When
96.1%
when
96.1%
and
96.1%
and
96.1%
and
96.1%
when
96.1%
When
96.1%
and
96.1%
when
96.1%
when
96.1%
get
95.5%
get
95.5%
get
95.5%
with
94.8%
with
94.8%
with
94.8%
with
94.8%
with
94.8%
don't
94.2%
don't
94.2%
don't
94.2%
don't
94.2%
don't
94.2%
Lyric % Correct
don't
94.2%
don't
94.2%
go
94.2%
don't
94.2%
friends
93.5%
can't
93.5%
can't
93.5%
friends
93.5%
can
93.5%
can
93.5%
can't
93.5%
can't
93.5%
friends
93.5%
can't
93.5%
friends
93.5%
can
93.5%
just
92.9%
just
92.9%
up
92.9%
just
92.9%
just
92.9%
up
92.9%
up
92.9%
just
92.9%
say
92.2%
say
92.2%
They
92.2%
They
92.2%
They
92.2%
they
92.2%
his
92.2%
they
92.2%
they
92.2%
They
92.2%
they
92.2%
they
92.2%
his
92.2%
they
92.2%
his
92.2%
they
92.2%
never
91.6%
hearts
91.6%
broke
91.6%
back
91.6%
back
91.6%
hearts
91.6%
broke
91.6%
back
91.6%
back
91.6%
never
91.6%
back
91.6%
She
90.9%
She
90.9%
her
90.9%
She
90.9%
She
90.9%
her
90.9%
guy
90.9%
gets
90.9%
She
90.9%
She
90.9%
She
90.9%
she
90.9%
gets
90.9%
guy
90.9%
gets
90.9%
guy
90.9%
gets
90.9%
gets
90.9%
any
90.3%
their
89.6%
their
89.6%
him
89%
together
89%
might
89%
together
89%
might
89%
love
89%
might
89%
so
89%
like
88.3%
drunk
88.3%
like
88.3%
drunk
88.3%
drunk
88.3%
coke
87.7%
coke
87.7%
okay
87%
loved
87%
whiskey
87%
whiskey
87%
gotta
86.4%
tonight
86.4%
anyway
86.4%
hook
86.4%
hook
86.4%
hook
86.4%
nothing
85.7%
Lyric % Correct
nothing
85.7%
on
85.1%
act
85.1%
come
85.1%
on
85.1%
act
85.1%
act
85.1%
come
85.1%
on
85.1%
come
85.1%
on
85.1%
act
85.1%
through
83.8%
off
83.8%
through
83.8%
tears
83.8%
call
83.8%
off
83.8%
through
83.8%
tears
83.8%
through
83.8%
tears
83.8%
take
83.1%
take
83.1%
bar
82.5%
laid
82.5%
home
82.5%
all
82.5%
home
82.5%
time
81.8%
time
81.8%
looking
80.5%
feel
80.5%
something
80.5%
feel
80.5%
something
80.5%
walk
79.9%
tough
79.9%
tough
79.9%
tough
79.9%
tough
79.9%
tough
79.9%
someone
79.2%
pain
79.2%
someone
79.2%
pain
79.2%
pain
79.2%
tape
78.6%
every
78.6%
Fast
78.6%
sleep
78.6%
day
78.6%
tape
78.6%
every
78.6%
Fast
78.6%
Fast
78.6%
throw
77.9%
going
77.3%
going
77.3%
Band-Aid
76.6%
forward
76.6%
leave
76.6%
forward
76.6%
forward
76.6%
t-shirt
76%
phone
76%
house
76%
push
76%
text
75.3%
wreck
74%
have
74%
there
74%
yeah
73.4%
yeah
73.4%
was
72.7%
was
72.7%
scroll
72.1%
But
71.4%
let
71.4%
But
71.4%
won't
70.8%
guys
70.8%
guys
70.8%
said
68.2%
switch
66.9%
switch
66.9%
pretend
66.2%
luxury
65.6%
herself
64.3%
wall
61.7%
fair
59.7%
Nobody
57.8%
disappears
56.5%
pushing
53.2%
pushing
53.2%
pushing
53.2%
curse
42.2%
from
33.8%

You're not logged in!

Compare scores with friends on all Sporcle quizzes.
OR
Log In

You Might Also Like...

Show Comments

Extras

Created Aug 24, 2016ReportNominate
Tags:bentley, different, dirk, elle, girl, king

Top Quizzes Today


Score Distribution

Your Account Isn't Verified!

In order to create a playlist on Sporcle, you need to verify the email address you used during registration. Go to your Sporcle Settings to finish the process.

Report this User

Report this user for behavior that violates our Community Guidelines.

Details: